Mystery shopping a jeho využitie v meraní kvality služieb diplomová práca

Na minha lista:
Detalhes bibliográficos
Autor principal: Vojteková, Veronika
Autor Corporativo: Obchodná fakulta EU. Katedra služieb a cestovného ruchu - zrušené
Outros Autores: Bažó, Ladislav, 1980-
Formato: Livro
Idioma:eslovaco
Publicado em: Bratislava 2014
Tags: Adicionar Tag
Sem tags, seja o primeiro a adicionar uma tag!

MARC

LEADER 00000nbm a2200000 4500
001 0186146
005 20170201095043.9
041 0 |a slo 
044 |a SK 
245 1 0 |a Mystery shopping a jeho využitie v meraní kvality služieb  |b diplomová práca  |c Veronika Vojteková ; školiteľ: Ladislav Bažó 
264 1 |a Bratislava  |c 2014 
300 |a 72 s. 
100 1 |a Vojteková, Veronika 
700 1 |a Bažó, Ladislav, 1980- 
710 2 |a Obchodná fakulta EU. Katedra služieb a cestovného ruchu - zrušené